Scientific approaches to consciosness
Gespeichert in:
| Hauptverfasser: | , |
|---|---|
| Format: | Buch |
| Sprache: | Englisch |
| Veröffentlicht: |
Mahwah
Lawrence Erlbaum Associates
1997
|
| Schriftenreihe: | Carnegie Mellon Symposia of Cognition Series
|
| Schlagworte: | |
| Tags: |
Tag hinzufügen
Keine Tags, Fügen Sie den ersten Tag hinzu!
|
MARC
| LEADER | 00000nam a2200000 a 4500 | ||
|---|---|---|---|
| 001 | UCO2958 | ||
| 003 | CL-VaPUC | ||
| 008 | 000610e19970000us |||||||||||||||||eng|d | ||
| 082 | 0 | 4 | |a 153 |b COH |2 21 |
| 100 | |a Cohen, Jonathan |e author |9 553371 | ||
| 700 | 0 | |a Schooler, Jonathan W |e author |9 446741 | |
| 245 | 1 | 0 | |a Scientific approaches to consciosness |
| 300 | |a 538 p | ||
| 942 | |c BK | ||
| 945 | |d 20000610 00:00:00 |a rbrito | ||
| 260 | |a Mahwah |b Lawrence Erlbaum Associates |c 1997 | ||
| 650 | 0 | |a Cognición |9 270347 | |
| 650 | 7 | |a CONOCIMIENTO |2 CL-VaPUC |9 308991 | |
| 650 | 0 | |a Neuropsicología |9 270837 | |
| 583 | |a last modification |c 20171120 06:07:45 |k Rodrigo Vera | ||
| 490 | 0 | |a Carnegie Mellon Symposia of Cognition Series | |
| 999 | |c 289446 |d 289444 | ||
| 952 | |0 0 |1 0 |4 0 |6 153_000000000000000_COH_1997 |7 0 |8 A |9 337844 |a FDOPOS |b FDOPOS |d 2019-11-20 |i 3626024 |o 153 COH 1997 |p 3626024 |r 2025-01-22 |w 2019-11-20 |y BK |k MLA | ||